000
00310nam a22001337a 4500
020
_a
9780812966183
082
_a
297.09 ARM
100
_a
Armstrong, Karen
245
_a
Islam: A Short History
260
_a
NY
_b
Modern Library Chronicles Book
_c
2002
300
_a
230
650
_a
Islam History
942
_c
BK
999
_c
20041
_d
20041